Loading...

Kakkaressi natakom/

Bibliographic Details
Main Author: Bhargavan Pillai, G
Format: Printed Book
Language:English
Published: Trivendrum: National Book Stall, 1976.
Subjects:
LEADER 00512 a2200145 4500
008 150103s9999 000 0 eng
082 |a 792.022  
100 |a Bhargavan Pillai, G 
245 |a Kakkaressi natakom/ 
260 |a Trivendrum:  |b National Book Stall,  |c 1976. 
300 |a 180 p. 
650 |a Folk theatre 
942 |c BK 
999 |c 305586  |d 305586 
952 |0 0  |1 0  |2 ddc  |4 0  |6 M_792_022000000000000_BHA_KA  |7 0  |9 350513  |a DRA  |b DRA  |c ST1  |d 2011-11-25  |g 6.00  |i 316  |l 3  |o M 792.022 BHA/KA  |p DRA316  |r 2015-03-18  |s 2015-03-16  |w 2011-11-25  |y BK